000
00303nam a22001337a 4500
008
170327b xxu||||| |||| 00| 0 eng d
020
_a
9780071435079
041
_a
eng
080
_a
616.9
100
_a
8
101
_a
SHM
245
_a
MICROBIOLOGY AND INFECTIOUS DISEASES
_c
BOS, T.J
942
_2
udc
_c
BK
999
_c
8664
_d
8664